00517nam a22001697a 450000500170000001000150001702000260003203500130005803700130007108200110008410000160009524500670011126000420017827000870022030000210030750000190032820131219120717.0 aENG-108903 a9789381142936c675.00 aEN-92436 bDBAD/PUB a882.08 aSharma, Ram aPanorama of world drama in English literature /cby Ram Sharma aNew DelhibManglam Publicationsc2013 aK-129 Gali No.3 Near Shiv Om Jwelers 3-1/2 Pusta Gautam Vihar bNew Delhie110053 a179p. c22cm(Hb) aIncludes index